000 00383cam a2200145ua 4500
041 _amal
_h
082 _a370.1
_bJOS/PO
100 _aJoseph, Mundassery .
245 _aPothu Vidhyabhyasam Enthinu , Eathinu /
_cMundasery Joseph.
_hTextual Documents
260 _aTrissur :
_bMangalodhayam pvt Ltd ,
_c1961.
300 _a182 ; .
504 _a
942 _cBK
999 _c954
_d954